[Event "CYCC U12"]
[Site "Ottawa CAN"]
[Date "2013.07.11"]
[Round "3"]
[White "Ju, Terrence"]
[Black "Zhao, Harry"]
[Result "0-1"]
[WhiteElo "1374"]
[BlackElo "1821"]
[PlyCount "92"]
[GameId "2160767909326392"]
[EventDate "2013.07.10"]
[EventType "swiss"]
[EventRounds "6"]
[EventCountry "CAN"]
[SourceTitle "hb 2013"]

1. d4 d5 2. c4 c6 3. Nf3 Nf6 4. Nc3 Nbd7 5. Bf4 e6 6. e3 dxc4 7. Bxc4 Nb6 8. Bd3 Nbd5 9. Bg5 Bb4 10. Qc2 Qa5 11. Rc1 Qxa2 12. O-O Bxc3 13. Bxf6 Nxf6 14. Qxc3 Qd5 15. Qb4 Qd8 16. Rc2 Qe7 17. Qxe7+ Kxe7 18. b4 Nd5 19. Rb1 Bd7 20. g3 h6 21. Ne5 Rhc8 22. Kg2 Rc7 23. e4 Nf6 24. b5 Rcc8 25. bxc6 Bxc6 26. Nxc6+ bxc6 27. Rbc1 Rd8 28. Rxc6 Rxd4 29. Rc7+ Kf8 30. Rc8+ Rxc8 31. Rxc8+ Ke7 32. Bb1 Ra4 33. f3 a5 34. Bd3 Ra2+ 35. Kh3 Nd7 36. Bb5 Ne5 37. f4 Nf3 38. e5 f5 39. g4 fxg4+ 40. Kxg4 Nxh2+ 41. Kh5 Rg2 42. Ra8 Rg4 43. Re8+ Kf7 44. f5 Rg5+ 45. Kh4 Nf3+ 46. Kh3 Rxf5 0-1

[Event "CYCC U12"]
[Site "Ottawa CAN"]
[Date "2013.07.11"]
[Round "3"]
[White "Li, William"]
[Black "Chertkow, Matthew"]
[Result "1-0"]
[WhiteElo "1408"]
[BlackElo "927"]
[PlyCount "73"]
[GameId "2160767909326393"]
[EventDate "2013.07.10"]
[EventType "swiss"]
[EventRounds "6"]
[EventCountry "CAN"]
[SourceTitle "hb 2013"]

1. e4 e5 2. Nf3 Nc6 3. Bc4 Nf6 4. d3 d5 5. exd5 Nxd5 6. O-O Be6 7. Bb5 Qd7 8. Nxe5 Qd6 9. Re1 Be7 10. c4 Nf6 11. b3 O-O 12. Bxc6 bxc6 13. Ba3 c5 14. Nc3 Qd4 15. Nb5 Qh4 16. Nxc7 Rac8 17. Nxe6 fxe6 18. Nf3 Qh5 19. Rxe6 Rce8 20. Re5 Qh6 21. Rxe7 Rxe7 22. Bxc5 Rfe8 23. Bxe7 Rxe7 24. h3 Re5 25. Nxe5 g5 26. Ng4 Nxg4 27. Qxg4 Qf6 28. Re1 Qc3 29. Qxg5+ Kf8 30. Qh6+ Kf7 31. Qxh7+ Qg7 32. Re7+ Kxe7 33. Qxg7+ Ke8 34. d4 a5 35. d5 a4 36. d6 axb3 37. Qe7# 1-0

[Event "CYCC U12"]
[Site "Ottawa CAN"]
[Date "2013.07.11"]
[Round "3"]
[White "Liang, Hairan"]
[Black "Shamroni, Dennis"]
[Result "0-1"]
[WhiteElo "1016"]
[BlackElo "1489"]
[PlyCount "52"]
[GameId "2160767909326394"]
[EventDate "2013.07.10"]
[EventType "swiss"]
[EventRounds "6"]
[EventCountry "CAN"]
[SourceTitle "hb 2013"]

1. e4 c5 2. Nf3 d6 3. d4 cxd4 4. Nxd4 Nf6 5. Nc3 g6 6. Bd3 Bg7 7. Nf3 Nc6 8. h3 O-O 9. O-O a6 10. Nh2 d5 11. exd5 Nxd5 12. Nxd5 Qxd5 13. Qf3 Qa5 14. a3 Ne5 15. Qe2 Nxd3 16. cxd3 Be6 17. Be3 Qb5 18. Rab1 Bf5 19. Rfd1 Rfd8 20. g4 Bxd3 21. Qd2 Rd7 22. Qb4 Bxb1 23. Rxb1 Qxb4 24. axb4 Rad8 25. Nf3 Rd1+ 26. Rxd1 Rxd1+ 0-1

[Event "CYCC U12"]
[Site "Ottawa CAN"]
[Date "2013.07.11"]
[Round "3"]
[White "Novakovic, David"]
[Black "Tolentino, Andre Angelo"]
[Result "0-1"]
[WhiteElo "853"]
[BlackElo "1309"]
[PlyCount "61"]
[GameId "2160767909326396"]
[EventDate "2013.07.10"]
[EventType "swiss"]
[EventRounds "6"]
[EventCountry "CAN"]
[SourceTitle "EXT 2022"]
[Source "ChessBase"]
[SourceDate "2021.10.06"]
[SourceVersion "1"]
[SourceVersionDate "2021.10.06"]
[SourceQuality "1"]

1. e4 e6 2. Bc4 d5 3. Bd3 dxe4 4. Bxe4 Nf6 5. Bf3 Bc5 6. d3 h6 7. Nc3 O-O 8. Ne4 Nxe4 9. Bxe4 Nd7 10. h4 Nf6 11. Qe2 Nxe4 12. Qxe4 Qd5 13. Qg4 Qd4 14. Qg3 Bd6 15. Qf3 Qd5 16. Qh3 e5 17. Bg5 Bxh3 18. Rxh3 hxg5 19. hxg5 e4 20. Ne2 Qxg5 21. Nd4 g6 22. Rh1 exd3 23. cxd3 Bb4+ 24. Kf1 Rfe8 25. Nc2 Qd2 26. Ne3 Qxd3+ 27. Kg1 Rad8 28. Rc1 Rxe3 29. fxe3 Qxe3+ 30. Kh2 Bd6+ 31. g3 0-1

[Event "CYCC U12"]
[Site "Ottawa CAN"]
[Date "2013.07.11"]
[Round "3"]
[White "Wan, Kevin"]
[Black "Xu, Jeffrey"]
[Result "1-0"]
[WhiteElo "2148"]
[BlackElo "1862"]
[PlyCount "139"]
[GameId "2160767909326398"]
[EventDate "2013.07.10"]
[EventType "swiss"]
[EventRounds "6"]
[EventCountry "CAN"]
[SourceTitle "hb 2013"]

1. e4 e6 2. d4 d5 3. Nd2 Nf6 4. e5 Nfd7 5. Bd3 c5 6. c3 Nc6 7. Ne2 cxd4 8. cxd4 f6 9. exf6 Nxf6 10. Nf3 Bd6 11. O-O Qc7 12. Bg5 O-O 13. Bh4 Nh5 14. Bg3 Nxg3 15. hxg3 Bd7 16. Nc3 Qd8 17. Qb3 b6 18. Rae1 Qf6 19. Bb5 Na5 20. Qa4 Bxb5 21. Qxb5 Rf7 22. Ne5 Bxe5 23. Rxe5 Nc4 24. Re2 Qxd4 25. Qc6 Raf8 26. Qxe6 Qc5 27. Nxd5 Kh8 28. Nf4 Nd6 29. Re5 Qc7 30. Qh3 Nf5 31. Ree1 Rc8 32. Re2 Nd6 33. Rfe1 Rb8 34. Qh5 Kg8 35. Qd5 Qc5 36. Qd3 Qc7 37. Re6 Rd8 38. Qb3 Rdf8 39. R6e5 Qc4 40. Qd1 Nf5 41. b3 Qd4 42. Qxd4 Nxd4 43. R1e4 Nc6 44. Rd5 Rd8 45. Rxd8+ Nxd8 46. Re8+ Rf8 47. Re7 Rf7 48. Re8+ Rf8 49. Re4 Kf7 50. f3 Re8 51. Rd4 Nc6 52. Rd6 Ne5 53. Nd3 Nxd3 54. Rxd3 Re7 55. Kf2 Kf6 56. g4 Kf7 57. Re3 Rc7 58. Re2 Rc5 59. Ke3 Ke6 60. Kd3+ Kd7 61. Rc2 Ra5 62. Ke4 Ke6 63. f4 Kf6 64. Rc6+ Kf7 65. a4 Ke7 66. Rc7+ Kf6 67. g5+ Kg6 68. g4 h6 69. Rc6+ Kf7 70. gxh6 1-0

[Event "CYCC U12"]
[Site "Ottawa CAN"]
[Date "2013.07.11"]
[Round "3"]
[White "Zhan, Andrew"]
[Black "Pigeau, Nicholas"]
[Result "1-0"]
[WhiteElo "1035"]
[BlackElo "838"]
[PlyCount "105"]
[GameId "2160767909326400"]
[EventDate "2013.07.10"]
[EventType "swiss"]
[EventRounds "6"]
[EventCountry "CAN"]
[SourceTitle "hb 2013"]

1. e4 e5 2. d4 Nc6 3. Nf3 Nf6 4. Nc3 exd4 5. Nxd4 Nxd4 6. Qxd4 d6 7. Bg5 Be7 8. O-O-O O-O 9. Nd5 Nxd5 10. Bxe7 Nxe7 11. e5 c5 12. Qd2 Bg4 13. f3 Be6 14. exd6 Nc6 15. b3 h6 16. h3 Qg5 17. Qxg5 hxg5 18. h4 gxh4 19. Rxh4 Nb4 20. a3 Na2+ 21. Kb2 Nb4 22. axb4 cxb4 23. Bd3 g6 24. Be4 Rab8 25. Bd5 Bxd5 26. Rxd5 Rbd8 27. Rxb4 b6 28. d7 Kg7 29. Rbd4 Kf6 30. g4 Ke6 31. f4 f6 32. f5+ gxf5 33. gxf5+ Kf7 34. Ka3 Kg7 35. Ka4 Rf7 36. Kb5 Kh6 37. Ka6 Re7 38. c4 Re5 39. Kxa7 Rxd5 40. Rxd5 Kg7 41. Kxb6 Rb8+ 42. Kc7 Rf8 43. d8=Q Rxd8 44. Rxd8 Kf7 45. b4 Ke7 46. b5 Kf7 47. b6 Kg7 48. b7 Kh6 49. Rg8 Kh7 50. Rg1 Kh6 51. b8=Q Kh7 52. Kc6 Kh6 53. Qh2# 1-0

[Event "CYCC U12"]
[Site "Ottawa CAN"]
[Date "2013.07.11"]
[Round "3"]
[White "Zhao, Yue Tong (Davy)"]
[Black "Wu, Brenden"]
[Result "1-0"]
[WhiteElo "1873"]
[BlackElo "1177"]
[PlyCount "87"]
[GameId "2160767909326401"]
[EventDate "2013.07.10"]
[EventType "swiss"]
[EventRounds "6"]
[EventCountry "CAN"]
[SourceTitle "hb 2013"]

1. e4 d6 2. d4 Nf6 3. Nc3 g6 4. f4 Bg7 5. Nf3 Nfd7 6. e5 dxe5 7. dxe5 e6 8. Ne4 b6 9. Bd3 Bb7 10. Be3 Qe7 11. Qd2 Na6 12. Nd4 O-O 13. c3 Nac5 14. Qc2 Nxd3+ 15. Qxd3 Bxe5 16. fxe5 Nxe5 17. Qc2 Qh4+ 18. Ng3 Bxg2 19. Qxg2 Nd3+ 20. Kd2 Rad8 21. Kc2 Ne5 22. Qe4 Qxe4+ 23. Nxe4 c5 24. Ne2 f5 25. Ng5 Rfe8 26. Rad1 Nc4 27. Bc1 h6 28. Nf3 g5 29. b3 Nd6 30. h4 g4 31. Ne5 Ne4 32. Rxd8 Rxd8 33. Rd1 Rxd1 34. Kxd1 g3 35. c4 g2 36. Nf3 e5 37. Bxh6 f4 38. Ke1 Kh7 39. Bf8 Kg6 40. Nxe5+ Kf5 41. Nf3 Kg4 42. Neg1 Kh5 43. Bg7 Kg4 44. Be5 1-0

[Event "CYCC U12"]
[Site "Ottawa CAN"]
[Date "2013.07.11"]
[Round "4"]
[White "Belec, Stephane"]
[Black "Luo, Ricky"]
[Result "0-1"]
[WhiteElo "518"]
[BlackElo "990"]
[PlyCount "48"]
[GameId "2160767909326402"]
[EventDate "2013.07.10"]
[EventType "swiss"]
[EventRounds "6"]
[EventCountry "CAN"]
[SourceTitle "hb 2013"]

1. e4 e5 2. Nc3 Nf6 3. Nf3 Nc6 4. Bb5 Bb4 5. a3 Ba5 6. O-O a6 7. b4 axb5 8. bxa5 Rxa5 9. a4 bxa4 10. Nxa4 b5 11. c3 bxa4 12. Rxa4 Rxa4 13. Qxa4 O-O 14. Ba3 Re8 15. Qc4 h6 16. d4 exd4 17. Nxd4 Nxd4 18. cxd4 Nxe4 19. d5 Nd2 20. Qd3 Nxf1 21. Kxf1 Qf6 22. Qd2 Qe5 23. g3 Qe4 24. Bb2 Qh1# 0-1

[Event "CYCC U12"]
[Site "Ottawa CAN"]
[Date "2013.07.11"]
[Round "4"]
[White "Butchart, Brian"]
[Black "Boushy, Declan Paul"]
[Result "1-0"]
[Annotator ",user"]
[WhiteElo "809"]
[BlackElo "1029"]
[PlyCount "49"]
[GameId "2160767739579309"]
[EventDate "2013.07.10"]
[EventType "swiss"]
[EventRounds "6"]
[EventCountry "CAN"]
[SourceTitle "hb 2013"]

1. e4 c5 2. Nf3 d6 3. d4 cxd4 4. Nxd4 Nc6 5. Bb5 Bd7 6. Nxc6 bxc6 7. Be2 e6 8. Nc3 Be7 9. O-O Nf6 10. f3 O-O 11. Be3 a6 12. Qd2 Kh8 13. Rfd1 Bc8 14. Qd4 Bb7 15. a3 d5 16. Qa4 c5 17. b4 d4 18. Na2 Qe8 19. Qxe8 Rfxe8 20. Bf2 e5 21. Nc1 cxb4 22. axb4 Bxb4 23. Bc4 Kg8 24. Nd3 Nd7 25. Nxb4 {Both scoresheets show the illegal move 25...Nb5 (followed by 26. Bxb5 axb5). White won on move 58.} 1-0

[Event "CYCC U12"]
[Site "Ottawa CAN"]
[Date "2013.07.11"]
[Round "4"]
[White "Fox, Dylan"]
[Black "Liang, Hairan"]
[Result "1/2-1/2"]
[WhiteElo "747"]
[BlackElo "1016"]
[PlyCount "93"]
[GameId "2160767909326405"]
[EventDate "2013.07.10"]
[EventType "swiss"]
[EventRounds "6"]
[EventCountry "CAN"]
[SourceTitle "hb 2013"]

1. e4 e5 2. Nf3 Nc6 3. Bc4 Bc5 4. c3 Nf6 5. d3 h6 6. b4 Bb6 7. a4 a6 8. Qb3 O-O 9. Ba3 d6 10. Nbd2 Qe7 11. O-O Be6 12. Bxe6 Qxe6 13. Qxe6 fxe6 14. Rac1 Nh5 15. g3 Rf7 16. c4 Nd4 17. Nxd4 Bxd4 18. Kg2 Raf8 19. f3 Rf6 20. c5 d5 21. c6 b5 22. Nb3 Bb6 23. axb5 axb5 24. Nc5 Bxc5 25. Rxc5 Rg6 26. Rxb5 Nf4+ 27. Kf2 Ra8 28. Ra5 Nh3+ 29. Ke2 Re8 30. Ra7 Rc8 31. b5 Rf6 32. Rb7 Rf7 33. Rc1 Ra8 34. Bb2 Raf8 35. Rf1 d4 36. Ba3 Ra8 37. Bb4 Ra2+ 38. Bd2 Rb2 39. Rc1 Ng5 40. b6 Rxf3 41. Rb8+ Kh7 42. bxc7 Rf2+ 43. Kxf2 Rxd2+ 44. Ke1 Nf3+ 45. Kf1 Nxh2+ 46. Kg1 Nf3+ 47. Kf1 1/2-1/2

[Event "CYCC U12"]
[Site "Ottawa CAN"]
[Date "2013.07.11"]
[Round "4"]
[White "Kilroy, Evan"]
[Black "Doknjas, Joshua"]
[Result "0-1"]
[WhiteElo "1135"]
[BlackElo "1848"]
[PlyCount "134"]
[GameId "2160767909326409"]
[EventDate "2013.07.10"]
[EventType "swiss"]
[EventRounds "6"]
[EventCountry "CAN"]
[SourceTitle "hb 2013"]

1. e4 c5 2. Nf3 d6 3. Bc4 Nf6 4. Nc3 a6 5. a3 e6 6. d4 cxd4 7. Nxd4 Nbd7 8. O-O b5 9. Ba2 Bb7 10. Re1 Nc5 11. e5 dxe5 12. Rxe5 Bd6 13. Re2 O-O 14. b4 Nce4 15. Nxe4 Nxe4 16. Bb2 Qc7 17. Nf3 Rad8 18. Qe1 Nf6 19. Be5 Bxf3 20. gxf3 Bxe5 21. Rxe5 Qxc2 22. f4 Qg6+ 23. Rg5 Qe4 24. Qxe4 Nxe4 25. Rg2 Nc3 26. Bb3 Ne2+ 27. Kh1 Nxf4 28. Rg4 Nd3 29. Rf1 Ne5 30. Rg3 Rd3 31. f4 Rxg3 32. hxg3 Nc4 33. Bxc4 bxc4 34. Rc1 Rc8 35. Kg2 Kf8 36. Kf3 Ke7 37. Ke4 h6 38. Kd4 Rd8+ 39. Ke3 Rd3+ 40. Kf2 c3 41. Rc2 Rd2+ 42. Rxd2 cxd2 43. Ke2 g5 44. fxg5 hxg5 45. Kxd2 Kd6 46. Kd3 Kd5 47. a4 f5 48. a5 Kc6 49. Kc4 f4 50. gxf4 gxf4 51. Kd4 e5+ 52. Ke4 Kb5 53. Kf3 Kxb4 54. Ke4 Kxa5 55. Kf3 Kb4 56. Ke4 Kc3 57. Kf3 a5 58. Ke2 Kc2 59. Kf2 a4 60. Ke2 a3 61. Kf2 e4 62. Ke2 a2 63. Kf2 a1=Q 64. Ke2 Qh1 65. Kf2 Qh2+ 66. Kf1 f3 67. Ke1 Qg1# 0-1

[Event "CYCC U12"]
[Site "Ottawa CAN"]
[Date "2013.07.11"]
[Round "4"]
[White "Liu, Ryan"]
[Black "Fleurimond-Rancy, Jonathan"]
[Result "1-0"]
[WhiteElo "1065"]
[BlackElo "1039"]
[PlyCount "91"]
[GameId "2160767909326410"]
[EventDate "2013.07.10"]
[EventType "swiss"]
[EventRounds "6"]
[EventCountry "CAN"]
[SourceTitle "hb 2013"]

1. d4 e6 2. Nf3 Nc6 3. e3 Nf6 4. c3 d5 5. Bd3 Bd7 6. Qe2 Qe7 7. Nbd2 O-O-O 8. O-O e5 9. e4 exd4 10. e5 Ng4 11. cxd4 f5 12. Nb3 Qe6 13. Nc5 Bxc5 14. dxc5 Ngxe5 15. Nxe5 Nxe5 16. Bg5 Rde8 17. Rfd1 Qg6 18. Be3 Ng4 19. Qf3 Qh5 20. h3 Qf7 21. hxg4 Re5 22. Bd4 Rhe8 23. Bxe5 Rxe5 24. Re1 Rxe1+ 25. Rxe1 f4 26. g3 g5 27. Re5 h6 28. gxf4 gxf4 29. Bf5 Qg7 30. Bxd7+ Qxd7 31. Qxf4 h5 32. Qf8+ Qd8 33. Re8 Kd7 34. Rxd8+ Kc6 35. gxh5 Kb5 36. h6 d4 37. h7 d3 38. h8=Q d2 39. Qh4 d1=Q+ 40. Rxd1 b6 41. cxb6 axb6 42. Qhb4+ Kc6 43. Qf6+ Kb7 44. Qf3+ c6 45. Rd7+ Ka6 46. Qa4# 1-0

[Event "CYCC U12"]
[Site "Ottawa CAN"]
[Date "2013.07.11"]
[Round "4"]
[White "Novakovic, David"]
[Black "Zhan, Andrew"]
[Result "0-1"]
[WhiteElo "853"]
[BlackElo "1035"]
[PlyCount "120"]
[GameId "2160767909326411"]
[EventDate "2013.07.10"]
[EventType "swiss"]
[EventRounds "6"]
[EventCountry "CAN"]
[SourceTitle "hb 2013"]

1. e4 e6 2. c4 d5 3. cxd5 exd5 4. exd5 Qxd5 5. Nc3 Qe6+ 6. Be2 Nf6 7. Nf3 Bd6 8. d4 O-O 9. Nb5 a6 10. Nxd6 Qxd6 11. O-O Re8 12. Bg5 h6 13. Bh4 Nc6 14. Bg3 Qd5 15. Bh4 g5 16. Bg3 Re7 17. Be5 Nxe5 18. Nxe5 c5 19. Rc1 Qxd4 20. Qxd4 cxd4 21. Rc5 b6 22. Rxc8+ Rxc8 23. Ng4 Nxg4 24. Bxg4 Rc2 25. Rd1 Rxb2 26. g3 Rxa2 27. Rxd4 Ra1+ 28. Kg2 Ree1 29. Rd8+ Kg7 30. Rb8 Rg1+ 31. Kh3 b5 32. Be2 Ra2 33. Re8 Re1 34. Bxb5 Rxe8 35. Bxe8 Rxf2 36. Bd7 Re2 37. Bg4 Re7 38. Bf3 Ra7 39. Bd1 a5 40. Ba4 Kf6 41. Kg4 Kg6 42. Bc2+ Kf6 43. Ba4 Ke5 44. Kh5 f5 45. h3 f4 46. gxf4+ gxf4 47. Kg4 Ke4 48. Bc6+ Ke3 49. h4 a4 50. Bd5 a3 51. Ba2 f3 52. Kh5 f2 53. Bc4 a2 54. Kxh6 a1=Q 55. Bg8 Qh8+ 56. Kg5 Qxg8+ 57. Kf5 f1=Q+ 58. Ke5 Qe8+ 59. Kd5 Qd1+ 60. Kc5 Qd4# 0-1

[Event "CYCC U12"]
[Site "Ottawa CAN"]
[Date "2013.07.11"]
[Round "4"]
[White "Oas, Brandon"]
[Black "Pigeau, Nicholas"]
[Result "1-0"]
[WhiteElo "1028"]
[BlackElo "838"]
[PlyCount "121"]
[GameId "2160767909326412"]
[EventDate "2013.07.10"]
[EventType "swiss"]
[EventRounds "6"]
[EventCountry "CAN"]
[SourceTitle "hb 2013"]

1. e4 e5 2. Bc4 d6 3. Nc3 Nc6 4. Nf3 Bg4 5. Be2 Nf6 6. Ng5 Bxe2 7. Nxe2 h6 8. Nf3 Be7 9. d4 exd4 10. Nfxd4 Nxe4 11. Nxc6 bxc6 12. Nc3 Nxc3 13. bxc3 O-O 14. Qf3 Bg5 15. Bxg5 hxg5 16. Qxc6 Qe8+ 17. Qxe8 Rfxe8+ 18. Kd1 c5 19. Re1 Rxe1+ 20. Kxe1 Re8+ 21. Kd1 d5 22. g3 d4 23. cxd4 cxd4 24. Rb1 Rd8 25. Rb3 a5 26. a4 Kf8 27. f4 gxf4 28. gxf4 Re8 29. Rd3 Rd8 30. Rb3 Ke7 31. Kd2 Kf6 32. c3 dxc3+ 33. Kxc3 Rc8+ 34. Kd3 Re8 35. Rb5 Rd8+ 36. Ke3 Re8+ 37. Kf3 Ra8 38. Kg4 Ke6 39. Re5+ Kd6 40. h4 f6 41. Rf5 Ra6 42. h5 Rc6 43. Rxa5 Rc5 44. Rxc5 Kxc5 45. f5 Kb4 46. Kf4 Kxa4 47. Ke4 Kb5 48. Kd5 Kb6 49. Ke6 Kc6 50. Kf7 Kd7 51. Kxg7 Ke7 52. h6 Kd6 53. Kxf6 Kd5 54. h7 Ke4 55. h8=Q Kf4 56. Qe8 Kg4 57. Qe4+ Kg3 58. Kg5 Kf2 59. Qg4 Kf1 60. Qf3+ Kg1 61. Qe2 1-0

[Event "CYCC U12"]
[Site "Ottawa CAN"]
[Date "2013.07.11"]
[Round "4"]
[White "Oyama, Kenro"]
[Black "Cheung, Damien"]
[Result "1-0"]
[WhiteElo "1219"]
[BlackElo "1021"]
[PlyCount "117"]
[GameId "2160767909326413"]
[EventDate "2013.07.10"]
[EventType "swiss"]
[EventRounds "6"]
[EventCountry "CAN"]
[SourceTitle "hb 2013"]

1. e4 e5 2. Nf3 Nc6 3. Nc3 Nf6 4. d4 Bb4 5. Nxe5 Nxe5 6. dxe5 Nxe4 7. Qd4 Nxc3 8. Qxb4 Nd5 9. Qb3 Nb6 10. Be3 d6 11. O-O-O Be6 12. Qd3 Nc4 13. exd6 Nxd6 14. Bf4 Ke7 15. Re1 Rc8 16. g3 Kd7 17. Rd1 Qe7 18. Bg2 Bf5 19. Qxf5+ Qe6 20. Qxe6+ fxe6 21. Bxd6 cxd6 22. Bxb7 Rc7 23. Bg2 Rf8 24. f4 e5 25. fxe5 Rf2 26. Be4 Re2 27. Bxh7 Rxe5 28. c3 Ra5 29. Bg8 Rc8 30. Bh7 Kc7 31. Kb1 Rb8 32. b3 Rc5 33. Kb2 a5 34. Rd4 Re5 35. b4 Re2+ 36. Kb3 Ra8 37. Rc4+ Kb6 38. bxa5+ Rxa5 39. Rb4+ Kc5 40. Ra4 Rb5+ 41. Rb4 Ra5 42. Bb1 d5 43. Rb7 g6 44. Rc1 Rxh2 45. c4 Rf2 46. Rb5+ Rxb5+ 47. cxb5+ Kxb5 48. Bxg6 Re2 49. Bd3+ Kb6 50. Bxe2 d4 51. g4 Ka5 52. g5 d3 53. g6 Ka6 54. g7 Kb6 55. g8=Q Kb7 56. Qd5+ Kb6 57. Rc6+ Ka7 58. Qd7+ Kb8 59. Rc8# 1-0

[Event "CYCC U12"]
[Site "Ottawa CAN"]
[Date "2013.07.11"]
[Round "4"]
[White "Shamroni, Dennis"]
[Black "Sawant, Digvijay"]
[Result "0-1"]
[WhiteElo "1489"]
[BlackElo "1100"]
[PlyCount "64"]
[GameId "2160767909326414"]
[EventDate "2013.07.10"]
[EventType "swiss"]
[EventRounds "6"]
[EventCountry "CAN"]
[SourceTitle "hb 2013"]

1. d4 d5 2. c4 c6 3. Nf3 e6 4. Nc3 Nf6 5. Bg5 Nbd7 6. e3 Qa5 7. Nd2 Bb4 8. Qc2 O-O 9. h4 h6 10. Bf4 dxc4 11. Nxc4 Bxc3+ 12. bxc3 Qd5 13. f3 Nb6 14. e4 Qd8 15. g4 Nxc4 16. Bxc4 b5 17. Bb3 b4 18. Be5 bxc3 19. g5 Nd7 20. Bd6 Re8 21. gxh6 Qf6 22. Qxc3 Qxh6 23. f4 Bb7 24. O-O-O e5 25. Rdf1 Qxd6 26. fxe5 Qh6+ 27. Kb2 Rf8 28. e6 fxe6 29. Rfg1 Rf2+ 30. Kb1 c5 31. d5 exd5 32. Qg3 Qf6 0-1

[Event "CYCC U12"]
[Site "Ottawa CAN"]
[Date "2013.07.11"]
[Round "4"]
[White "Su, Michael"]
[Black "Dhaliwal, Indervir"]
[Result "1-0"]
[WhiteElo "1770"]
[BlackElo "1272"]
[PlyCount "95"]
[GameId "2160767909326415"]
[EventDate "2013.07.10"]
[EventType "swiss"]
[EventRounds "6"]
[EventCountry "CAN"]
[SourceTitle "hb 2013"]

1. d4 Nf6 2. c4 e6 3. Nc3 Bb4 4. e3 Bxc3+ 5. bxc3 b6 6. Nf3 Bb7 7. Ba3 d6 8. Be2 Nbd7 9. O-O O-O 10. Qb3 Rb8 11. Qa4 Qc8 12. Nd2 c5 13. Bf3 Bxf3 14. Nxf3 Qc7 15. Qc2 Rfc8 16. Nd2 d5 17. cxd5 Nxd5 18. Qd3 cxd4 19. cxd4 Qc3 20. Qxc3 Rxc3 21. Nb3 a5 22. Rfc1 a4 23. Rxc3 Nxc3 24. Nd2 Rc8 25. Kf1 Nb5 26. Rc1 Rxc1+ 27. Bxc1 Nc3 28. a3 Nf6 29. Bb2 Nce4 30. Nxe4 Nxe4 31. Ke2 Kf8 32. f3 Nd6 33. Kd3 Ke8 34. Kc3 Kd7 35. Kb4 b5 36. Kc5 Nf5 37. e4 Ne3 38. Kxb5 Nxg2 39. Kxa4 Ne1 40. f4 Nd3 41. Bc3 Nxf4 42. Kb5 Kc7 43. a4 g5 44. a5 h5 45. a6 g4 46. d5 Nd3 47. d6+ Kxd6 48. a7 1-0

[Event "CYCC U12"]
[Site "Ottawa CAN"]
[Date "2013.07.11"]
[Round "4"]
[White "Tolentino, Andre Angelo"]
[Black "Johnson-Constantin, Mathieu"]
[Result "1-0"]
[WhiteElo "1309"]
[BlackElo "1611"]
[PlyCount "110"]
[GameId "2160767909326416"]
[EventDate "2013.07.10"]
[EventType "swiss"]
[EventRounds "6"]
[EventCountry "CAN"]
[SourceTitle "EXT 2022"]
[Source "ChessBase"]
[SourceDate "2021.10.06"]
[SourceVersion "1"]
[SourceVersionDate "2021.10.06"]
[SourceQuality "1"]

1. d4 Nf6 2. Nf3 g6 3. Bg5 Bg7 4. Nbd2 O-O 5. e3 d5 6. b4 a6 7. Be2 Nh5 8. e4 Nf6 9. Bxf6 Bxf6 10. e5 Bg7 11. O-O Nc6 12. c3 Bf5 13. Nb3 f6 14. exf6 Bxf6 15. Bd3 Bxd3 16. Qxd3 e5 17. dxe5 Nxe5 18. Nxe5 Bxe5 19. Nc5 Rf5 20. Nxb7 Qd7 21. Rfe1 Raf8 22. f3 c6 23. Nc5 Qd6 24. h3 Bh2+ 25. Kf1 Qg3 26. Re3 Rg5 27. Qe2 Re5 28. Rxe5 Qxe5 29. Qxe5 Bxe5 30. Rc1 Ra8 31. Ke2 a5 32. a4 Kf7 33. Kd3 d4 34. cxd4 Bc7 35. bxa5 Rxa5 36. Rb1 Ra7 37. Rb7 Rxb7 38. Nxb7 Ke6 39. Ke4 h6 40. Nc5+ Ke7 41. d5 Kd6 42. Nb7+ Kd7 43. a5 Bg3 44. a6 cxd5+ 45. Kxd5 Kc7 46. Nc5 Kb8 47. Ke6 Bf2 48. Ne4 Be3 49. Kf7 Ka7 50. Kxg6 Kxa6 51. Ng3 Kb6 52. Nf5 Bf4 53. Nxh6 Kc6 54. Nf5 Kd5 55. g3 Be5 1-0

[Event "CYCC U12"]
[Site "Ottawa CAN"]
[Date "2013.07.11"]
[Round "4"]
[White "Wu, Brenden"]
[Black "Ju, Terrence"]
[Result "0-1"]
[WhiteElo "1177"]
[BlackElo "1374"]
[PlyCount "72"]
[GameId "2160767909326418"]
[EventDate "2013.07.10"]
[EventType "swiss"]
[EventRounds "6"]
[EventCountry "CAN"]
[SourceTitle "hb 2013"]

1. d4 Nf6 2. Nf3 g6 3. Bf4 Bg7 4. e3 O-O 5. Bd3 d6 6. O-O c5 7. c3 Nc6 8. h3 a6 9. Nbd2 Re8 10. Qb3 e5 11. Bh2 e4 12. Ng5 d5 13. Ngxe4 dxe4 14. Bc4 Na5 15. Qc2 Nxc4 16. Nxc4 cxd4 17. cxd4 Re6 18. Rfd1 Rc6 19. Qb3 Be6 20. Rac1 b5 21. Be5 Rxc4 22. Rxc4 Bxc4 23. Qc2 Rc8 24. Bxf6 Bxf6 25. Qxe4 Bxa2 26. d5 Bb3 27. Rd2 Qd6 28. Qf3 Rc1+ 29. Rd1 Rxd1+ 30. Qxd1 Bxd1 31. e4 Be5 32. g3 Bf3 33. b3 Bxg3 34. fxg3 Qxg3+ 35. Kf1 Qg2+ 36. Ke1 Qe2# 0-1

[Event "CYCC U12"]
[Site "Ottawa CAN"]
[Date "2013.07.11"]
[Round "4"]
[White "Xie, Patrick"]
[Black "Zhang, Zhehai"]
[Result "0-1"]
[WhiteElo "1032"]
[BlackElo "1498"]
[PlyCount "120"]
[GameId "2160767909326419"]
[EventDate "2013.07.10"]
[EventType "swiss"]
[EventRounds "6"]
[EventCountry "CAN"]
[SourceTitle "hb 2013"]

1. e4 c5 2. Nc3 e6 3. f4 d5 4. Nf3 d4 5. Ne2 Nf6 6. d3 Nc6 7. Ng3 Be7 8. Be2 b5 9. O-O O-O 10. Qe1 Nb4 11. Bd1 Ba6 12. Bd2 Nc6 13. Be2 Qb6 14. Kh1 Rac8 15. Rc1 Bb7 16. b3 a5 17. Ra1 Nb4 18. Qd1 Ba6 19. a3 Nc6 20. Rb1 Rb8 21. Qe1 Qc7 22. Qf2 Rfd8 23. h3 a4 24. Rfc1 c4 25. b4 c3 26. Be1 Qxf4 27. Bf1 Qd6 28. Ne2 Nd7 29. Nexd4 Nxd4 30. Qxd4 Qxd4 31. Nxd4 Rbc8 32. Ne2 Bf6 33. d4 Nb6 34. Rd1 Nc4 35. Rd3 Nxa3 36. Rc1 Bg5 37. Rcd1 Nxc2 38. Bxc3 Ne3 39. Rb1 Nc4 40. Rg3 Bf6 41. e5 Be7 42. Nf4 Bb7 43. Bxc4 Rxc4 44. Nh5 g6 45. Nf6+ Kg7 46. Nh5+ Kh8 47. Nf6 Rdc8 48. Bd2 Rxd4 49. Be3 Rxb4 50. Rxb4 Bxb4 51. Bg5 a3 52. Rg4 a2 53. Rh4 a1=Q+ 54. Kh2 Qxe5+ 55. Bf4 Qxf6 56. Bg3 Qxh4 57. Bxh4 Rc2 58. Bf2 Rxf2 59. Kg3 Rxg2+ 60. Kh4 Be1# 0-1

[Event "CYCC U12"]
[Site "Ottawa CAN"]
[Date "2013.07.11"]
[Round "4"]
[White "Xu, Jeffrey"]
[Black "Chen, Samuel"]
[Result "1-0"]
[WhiteElo "1862"]
[BlackElo "1339"]
[PlyCount "105"]
[GameId "2160767909326420"]
[EventDate "2013.07.10"]
[EventType "swiss"]
[EventRounds "6"]
[EventCountry "CAN"]
[SourceTitle "hb 2013"]

1. e4 c5 2. Nf3 e6 3. Nc3 a6 4. a4 Nc6 5. Be2 d6 6. O-O Nf6 7. d4 cxd4 8. Nxd4 Be7 9. Nb3 O-O 10. Be3 d5 11. exd5 Nxd5 12. Nxd5 Qxd5 13. Qxd5 exd5 14. c3 Be6 15. Nc5 Rab8 16. Rfd1 Rfc8 17. Nxe6 fxe6 18. Bg4 Kf7 19. Re1 Nd8 20. Re2 Rc4 21. Bh3 Bf6 22. Ra3 d4 23. cxd4 Bxd4 24. b3 Rc3 25. Bd2 Rc2 26. b4 Rbc8 27. Rf3+ Ke8 28. g3 Bc3 29. Rd3 Bxb4 30. Bxe6 Nxe6 31. Rxe6+ Kf7 32. Re2 Bxd2 33. Rexd2 Rxd2 34. Rxd2 Ke6 35. Rb2 Rc7 36. Rb6+ Kd5 37. Kf1 Kd4 38. Ke2 Ke4 39. Rb4+ Kd5 40. Kd3 Rf7 41. f4 Rc7 42. Rd4+ Kc6 43. Rc4+ Kd6 44. Rxc7 Kxc7 45. Kc4 Kc6 46. g4 b5+ 47. axb5+ axb5+ 48. Kb4 Kd5 49. Kxb5 Ke4 50. f5 Kf4 51. h3 Kg3 52. g5 Kxh3 53. f6 1-0

[Event "CYCC U12"]
[Site "Ottawa CAN"]
[Date "2013.07.11"]
[Round "4"]
[White "Zhao, Harry"]
[Black "Cai, Jason"]
[Result "1/2-1/2"]
[WhiteElo "1820"]
[BlackElo "1778"]
[PlyCount "37"]
[GameId "2160767909326422"]
[EventDate "2013.07.10"]
[EventType "swiss"]
[EventRounds "6"]
[EventCountry "CAN"]
[SourceTitle "hb 2013"]

1. d4 Nf6 2. Nf3 e6 3. Nbd2 c5 4. c3 Nc6 5. e3 d5 6. Bd3 Bd6 7. Qe2 O-O 8. e4 cxd4 9. e5 dxc3 10. bxc3 Ne4 11. Nxe4 dxe4 12. Qxe4 f5 13. exf6 g6 14. Bg5 Qc7 15. O-O Ne5 16. Rac1 Bd7 17. Nxe5 Bxe5 18. h3 Bxf6 19. Bf4 1/2-1/2